| 000 | 01062cam a22003373a 4500 | ||
|---|---|---|---|
| 001 | 2083 | ||
| 003 | PGUSA | ||
| 005 | 20140828083010.0 | ||
| 008 | 000201s2000||||xxu|||||s|||||000 1 eng d | ||
| 040 |
_aPGUSA _beng |
||
| 042 | _adc | ||
| 050 | 4 | _aPQ | |
| 100 | 1 |
_aVerne, Jules, _d1828-1905 |
|
| 245 | 1 | 0 |
_aIn Search of the Castaways; Or, The Children of Captain Grant _h[electronic resource] / _cJules Verne |
| 260 |
_bProject Gutenberg, _c2000 |
||
| 505 | 0 | _aSouth America -- Australia -- New Zealand. | |
| 506 | _aPublic domain in the USA. | ||
| 516 | _aElectronic text | ||
| 653 | _aSeafaring life -- Fiction | ||
| 653 | _aShip captains -- Fiction | ||
| 653 | _aSouth America -- Fiction | ||
| 653 | _aAustralia -- Fiction | ||
| 653 | _aCastaways -- Fiction | ||
| 653 | _aNew Zealand -- Fiction | ||
| 653 | _aOcean travel -- Fiction | ||
| 653 | _aVoyages and travels -- Fiction | ||
| 740 | 0 | _aLes enfants du capitaine Grant. English | |
| 830 | 0 |
_aProject Gutenberg _v2083 |
|
| 856 | 4 | 0 | _uhttp://www.gutenberg.org/ebooks/2083 |
| 942 | _cEB | ||
| 999 |
_c231422 _d231422 |
||